000 00606nam a2200205Ia 4500
003 OSt
005 20230421155731.0
008 210423s2008 xx 000 0 und d
020 _a9780521063173
040 _cAL
041 _aeng
082 _a294.592
_223
_bMCGR
100 _aMcGREGOR (R S).
_991727
245 _aDevotional literature in South Asia: current research 1985-1988.
260 _aNew Delhi
_bCambridge University Press
_c2008
300 _axvi,322
_bHB
365 _b770
_cINR
906 _a1985-1988. ; Asia: ; current ; Devotional ; literature ; research ; South
942 _2ddc
_cBK
999 _c160921
_d160921